Postavenie výskumu a vývoja v malých a stredných podnikoch na Slovensku

Výskumná činnosť malých a stredných podnikov a nedostatočnosť tejto činnosti medzi malými a strednými podnikateľmi na Slovensku. Podnety k zmenám a rast efektívnosti rozvoja malých a stredných podnikov.

Salvato in:
Dettagli Bibliografici
Autore principale: Strážovská, Helena
Altri autori: Strážovská, Ľubomíra
Natura: Capitolo di libro
Lingua:slovacco
Soggetti:
Tags: Aggiungi Tag
Nessun Tag, puoi essere il primo ad aggiungerne!!

MARC

LEADER 00000nla a2200000 4500
001 0180420
005 20240502073055.6
041 0 |a slo 
044 |a SK 
245 1 0 |a Postavenie výskumu a vývoja v malých a stredných podnikoch na Slovensku  |c Helena Strážovská, Ľubomíra Strážovská 
520 |a Výskumná činnosť malých a stredných podnikov a nedostatočnosť tejto činnosti medzi malými a strednými podnikateľmi na Slovensku. Podnety k zmenám a rast efektívnosti rozvoja malých a stredných podnikov. 
610 2 0 |a podnik malý 
610 2 0 |a podnik stredný 
610 2 0 |a politika podnikania 
610 2 0 |a podnikanie malé 
610 2 0 |a podnikanie stredné 
610 2 0 |a stratégia podnikateľská 
610 2 0 |a výskum 
610 2 0 |a inovácia 
610 2 0 |a efektívnosť podnikania 
100 1 |a Strážovská, Helena 
700 1 |a Strážovská, Ľubomíra